[Event "Madrid"]
[Site "Madrid"]
[Date "1996.05.11"]
[Round "4"]
[White "Shirov, Alexei"]
[Black "Gelfand, Boris"]
[Result "0-1"]
[WhiteElo "2690"]
[BlackElo "2700"]
[Annotator "Gelfand,B"]
[PlyCount "54"]
[EventDate "1996.05.08"]
[EventType "tourn"]
[EventRounds "9"]
[EventCountry "ESP"]
[EventCategory "17"]
[SourceTitle "CBM 053"]
[Source "ChessBase"]
[SourceDate "1996.08.01"]
[SourceVersion "1"]
[SourceVersionDate "1996.08.01"]
[SourceQuality "1"]

1. e4 c5 2. Nf3 d6 3. d4 cxd4 4. Nxd4 Nf6 5. Nc3 a6 6. Be3 e5 7. Nb3 Be6 8. f3
Nbd7 9. Qd2 b5 10. g4 (10. a4) 10... Nb6 11. g5 Nfd7 (11... Nh5 12. Nd5 Nxd5
13. exd5 Bd7 $13 {Dolgener-Armas,1988}) 12. Nd5 (12. Na5 Rc8 13. O-O-O Qc7 14.
Kb1 Be7 15. Nd5 Nxd5 16. exd5 Bxd5 17. Qxd5 Qxa5 18. c4 O-O $13 {Lukianov,
I-Kuporosov,V,88,46(328)}) 12... Bxd5 (12... Nxd5 13. exd5 Bf5 14. Bd3 Bxd3 15.
Qxd3 Be7 16. Rg1 {Jirovsky+Vacek,94}) (12... Rc8 13. O-O-O Bxd5 14. exd5 Nc4
15. Qf2 Nxe3 16. Qxe3 Be7 17. Rg1 Qb6 {Armas-Balzar,88}) 13. exd5 Rc8 (13...
Qc7 14. Na5 (14. O-O-O Rc8 15. Kb1 Be7 16. Qg2 Nc4 17. Bc1 a5 {
Dobrovolsky+Jaworsky,95,POL-chT}) (14. h4 Rc8 15. Rh2 Be7 16. O-O-O Nc4 17.
Bxc4 bxc4 18. Na5 c3 {Grabarchuk+Kuczinsky,96,POL-ch}) 14... Rc8 (14... Nxd5
15. Qxd5 Qxa5+ 16. Bd2 Qd8 17. a4 $1 Be7 18. axb5 O-O 19. bxa6 $16)) 14. Na5
$146 (14. h4 Be7 15. Rh2 Nc4 16. Bxc4 bxc4 17. Nc1 c3 18. bxc3 Qa5 19. Nb3 Qa4
{Ochoa+Lloret Ramis,Albacete,91}) 14... Qc7 $6 (14... Nxd5 $5 15. Nb7 Nxe3 16.
Nxd8 Nxc2+ 17. Kd1 Nxa1 18. Nb7 Nc2 $13) 15. Bxb6 $6 (15. Bh3 Nxd5 (15... Nc4
16. Nxc4 Qxc4 17. Bg4 h5 $5 18. gxh6 (18. Bf5 g6 19. Be4 Nc5 20. Bxc5 Qxc5 21.
O-O-O $10) 18... g6) 16. Bxd7+ Kxd7 17. Qxd5 Qxa5+ 18. Bd2 (18. c3 Qc7 19.
Qxf7+ Kc6 $13) 18... Qc7 19. Qxf7+ Kc6 $10) (15. c4 $1 {Ochoa,J} Nxc4 16. Nxc4
(16. Bxc4 bxc4 17. Rc1 Nb6 18. Bxb6 Qxb6 19. Nxc4) 16... bxc4 17. Rc1 $16)
15... Nxb6 (15... Qxb6 16. Bh3 Rc7 17. Bxd7+ Rxd7 18. Nc6 $16) 16. Bh3 (16. c4
$5) 16... Ra8 17. Nc6 (17. O-O-O Nc4 18. Nxc4 Qxc4) 17... g6 18. f4 h6 $5 (
18... Bg7 19. f5 $16) (18... Nc4 $5) 19. f5 (19. fxe5 hxg5 (19... Nc4 $5) 20.
O-O (20. Qe2 dxe5 21. Nxe5 Rxh3 22. d6 Bxd6 $13) 20... dxe5 (20... Rxh3 21.
Rae1 $40) (20... Nc4 21. Qxg5 dxe5 22. Be6 $16) 21. Rae1 Bd6 22. Bg4 f5 23.
Qxg5 Qh7 $132) 19... hxg5 20. Qd3 $4 (20. fxg6 $1 Rxh3 21. O-O $1 fxg6 22. Rf6
Be7 $1 23. Rxg6 (23. Re6 Rh7 24. Qd3 Kd7 25. Qxg6 (25. Rxg6 Rf8 $13) 25... Nxd5
) 23... Kd7 24. Rf1 (24. Rg7 Nxd5 $1 25. Nxe5+ (25. Qxd5 Qb6+ 26. Kg2 Rxh2+ $1
$19) 25... Ke6 $13) 24... Rah8 25. Rf7 (25. Rg7 $5 R3h7 (25... Nc8 26. Qf2) 26.
Qxg5 (26. Rxh7 Rxh7 27. Qd3 Nxd5) 26... Nxd5) 25... Nc8 (25... R3h7 $5) 26. Qf2
(26. Rgg7 Qb6+ 27. Kh1 Rxh2+ 28. Qxh2 Rxh2+ 29. Kxh2 Ke8) 26... Rxh2 27. Qf5+
Ke8 28. Qxc8+ Qxc8 29. Rxe7+ Kf8 30. Rf6+ $10) 20... Rxh3 $1 21. Qxh3 Nxd5 22.
fxg6 Qxc6 23. gxf7+ Ke7 $19 24. O-O-O (24. Qf5 Ne3 (24... Nf6 25. O-O-O Qe4 26.
Qxg5 Qf4+ $19) 25. Qxg5+ Kd7 26. Ke2) 24... Rc8 25. Qf5 (25. c3 b4) 25... Ne3
26. Qxg5+ Kd7 27. c3 Qe4 0-1

[Event "Olomouc After GP Mladi"]
[Site "Olomouc"]
[Date "1997.??.??"]
[Round "7"]
[White "Movsesian, Sergei"]
[Black "Kalod, Radek"]
[Result "1-0"]
[WhiteElo "2555"]
[BlackElo "2430"]
[Annotator "Gershon,A"]
[PlyCount "101"]
[EventDate "1997.08.05"]
[EventType "tourn"]
[EventRounds "11"]
[EventCountry "CZE"]
[EventCategory "10"]
[SourceTitle "CBM 061"]
[Source "ChessBase"]
[SourceDate "1997.11.23"]
[SourceVersion "1"]
[SourceVersionDate "1997.11.23"]
[SourceQuality "1"]

1. e4 c5 2. Nf3 d6 3. d4 cxd4 4. Nxd4 Nf6 5. Nc3 a6 6. Be3 Ng4 7. Bg5 h6 8. Bh4
g5 9. Bg3 Bg7 10. Be2 h5 11. h4 gxh4 12. Rxh4 Nc6 13. Nb3 Be6 14. Qd2 Rc8 (
14... Bf6 15. Rh1 h4 16. Bf4 Bxc3 17. Qxc3 f6 18. f3 Nge5 19. O-O-O Qc8 20. Kb1
Ng6 21. Be3 b5 22. f4 Bd7 23. Bf3 a5 24. Nd4 b4 25. Qd3 Nxd4 26. Qxd4 Rb8 27.
Rc1 Qc7 28. Qd1 e5 29. Bh5 {1-0 De la Villa Garcia,J-Pujos,S/Benasque op 1996/
EXP 53}) (14... Qb6 15. Nd5 Bxd5 16. exd5 Nce5 17. c3 (17. O-O-O Bf6 (17... Bh6
18. f4 Qe3 19. Qxe3 Nxe3 20. fxe5 Nf5+ 21. Kb1 Nxg3 22. exd6 Bg5 23. Rb4 Nxe2
24. dxe7 Bxe7 25. Rxb7 Bd6 26. c4 Rg8 27. c5 Rb8 28. Rxb8+ Bxb8 29. d6 Rg6 30.
Na5 Bxd6 31. cxd6 Kd7 32. Nc4 f6 33. Nb6+ $16 {0-1 De la Villa Garcia,
J-Hodgson,J/Zaragoza op 1993/EXT 93op (40)}) (17... Ng6 18. Rh3 Bh6 19. f4 Qe3
20. Bxg4 Qxd2+ 21. Nxd2 hxg4 22. Rh5 Kd7 23. Rf5 f6 24. Nc4 Rag8 25. Ne3 Bf8 {
1/2-1/2 Becerra Rivero,J-Morovic Fernandez,I/Capablanca Elite, Havana CUB 1997}
) 18. Rh3 h4 19. Bf4 Qxf2 20. Nd4 Rg8 21. Be3 Nxe3 22. Bb5+ axb5 23. Qxf2 Rxg2
24. Qe1 Nxd1 25. Qxd1 Nc4 $17 {0-1 Wittmann,W-Lendwai,R/AUT-ch 1997/EXP 59/ 
(47)}) 17... Ng6 18. Rh3 h4 19. Bxg4 hxg3 20. Rxh8+ Bxh8 21. Qe3 gxf2+ 22. Kxf2
Qxe3+ 23. Kxe3 Ne5 24. Be2 Kd7 25. Nd2 Rg8 26. Rh1 Bf6 27. Kf2 Ng4+ 28. Bxg4+
Rxg4 29. Rh7 $15 {Topalov,V-Kasparov,G/Geneva Credit Suisse 1996/EXP 54/0-1 
(64)}) 15. O-O-O Bf6 (15... Qb6) 16. Rhh1 h4 17. Nd5 Bxd5 18. exd5 Nce5 (18...
hxg3 $4 19. Bxg4 $18) 19. Bxe5 Nxe5 20. Qb4 Qc7 (20... b5 $5 {/\ Nc4}) 21. c3
Rg8 22. Rhg1 Kf8 (22... Nc4 $5 {[%cal Gc4b2,Gf6c3]} 23. Nd4 (23. Bxc4 Qxc4 24.
Qxb7 (24. Qxc4 Rxc4 {[%cal Gc4g4]} 25. f3 Be5 $17) 24... Bxc3 25. bxc3 Qxc3+
26. Kb1 Qc2+ 27. Ka1 Qc3+ $11) 23... b5 $13 {[%csl Gb4]}) 23. Kb1 Qd7 $6 {
Black should've tried to cut white's queen from the center( by playing 23...
Nc4).Now with white queen on the king's side black king feels a bit
uncomfortable.} (23... Nc4 {- 22...Nc4}) 24. Qf4 Rg5 (24... Bg5 25. Qe4 Bf6 26.
Nd4 $16) 25. Nd4 Ng6 26. Qe4 {[%cal Gf2f4,Gd4f5,Yg5g3] /\ 27.f4 Rg3 28.Nf5} Re5
27. Qf3 (27. Bg4 $2 Rxe4 28. Bxd7 Rc7 29. Bf5 Rf4 $15) 27... Rc5 28. Nb3 Rc8 {
Black's got a pretty solid position here but his major problem is a lack of
any counterplay.However, he waits for white to start any active operation on
the king side to strike in the center and on the queen side .White, on his
part, will try to reduce the attacking potential of black's pieces as much as
possible in order to prevent any counterplay once he starts playing on the
king side.} 29. Bd3 $1 {White aims to capture on g6 which makes black rook
take the less active position on g5.After that white brings the knight to e4
where he will attack black's most dangerous piece the bishop on f6.(By the way,
after Rg5 Ne4 will be even stronger.} Rg5 (29... b5 30. Bxg6 fxg6 31. Nd4 $16 {
[%cal Yf4e6,Yf4g6,Gd4e2,Ge2f4]}) 30. Qe4 {[%cal Gf2f4]} Re5 31. Qf3 Rg5 {
Makes black realize that he doesn't have much of a choise.} 32. Bc2 (32. Nd2 $2
Ne5 $11) 32... Rc4 $5 (32... Ne5 33. Qe4 Rg4 34. f4 Rc4 35. Nd4 $16 {[%cal
Gd1f1,Yc2d1]}) 33. Nd2 Rf4 34. Qe3 Re5 (34... Rfg4 35. Ne4 Rf5 (35... Re5 36.
Nxf6 $18) 36. f3 Rgf4 37. Nxf6 Rxf6 38. g3 Rxf3 (38... hxg3 39. Rxg3 $16 {
[%cal Gd1g1,Yg1g8]}) 39. Qh6+ Ke8 40. gxh4 $16) 35. Ne4 Bg5 36. Qe2 f5 37. g3 (
37. Qh5 fxe4 38. Qxg6 Rxf2 $13) 37... Rfxe4 $2 (37... hxg3 $142 38. Rxg3 (38.
fxg3 Rfxe4 (38... Rg4 39. Qf3 Rexe4 40. Bxe4 Rxe4 41. Qh5 Be3 42. Qxg6 (42.
Rgf1 Kg7 43. Rxf5 Re5) 42... Bxg1 43. Rxg1 Rg4 44. Qh6+ Kf7 45. Qh5+ Kg7 46.
Rh1 $18) 39. Qh5 (39. Bxe4 fxe4 40. Qh5 (40. Rh1 e3 41. Rdf1+ Kg7 42. Qh2 Rf5
43. Qh7+ Kf6 44. g4 Rf2 $15) 40... Kg7 41. Rh1 Bh4 $1 42. Qe2 Bxg3 43. Rdg1 Rg5
44. Qxe4 $13) 39... Rg4 40. Rgf1 Kg7 41. Rxf5 $1 (41. Bxf5 Rxf5 42. Qxg4 Rxf1
43. Qxd7 Rxd1+ 44. Kc2 Rd2+ 45. Kb3 Rxd5 $19) 41... Rxf5 42. Qxg4 Kf6 43. Bxf5
(43. Qh5 Nf8 44. Qh8+ (44. Re1 Rf2 45. Qh8+ Kf7 46. Qh5+ Kf6 47. Qh8+ $11)
44... Kf7 45. Qh5+ $11) 43... Qxf5+ 44. Qxf5+ Kxf5 $17) 38... fxe4 39. Rdg1 $1
(39. Qh5 Qf5 40. Rdg1 Rh4 41. Qxg5 Qxg5 42. Rxg5 Rxg5 43. Rxg5 Rh1+) 39... Rff5
40. Bxe4 {[%csl Yd7][%cal Ge4f5,Gf5d7]} Qa4 41. f3 (41. b4 Nh4 42. Qc2 Qxc2+
43. Bxc2 Bf6 $19) 41... Nf4 (41... Nh4 42. Qd3 $16) 42. Qh2 $16 {[%csl Gg5]
[%cal Gh2h8,Ge4f5]} Rxd5 43. Bc2 Qb5 44. Bxf5 Rxf5 45. Rxg5 Rxg5 46. Qh6+ $18)
38. Qh5 (38. Bxe4 $2 fxe4 39. gxh4 Nxh4 40. Qh5 Qf5 $15) 38... Rg4 39. f3 $18
Rxg3 40. Rxg3 hxg3 41. Qxg5 Qe8 42. f4 Nxf4 $8 (42... Re3 43. Bxf5 Kg7 44. Rh1
$18 {[%cal Gh1h6]}) 43. Qh6+ Kg8 44. Qxf4 Qg6 45. Rg1 Kf7 46. a3 Qg4 47. Qxg4
fxg4 48. Rxg3 Kf6 49. Rxg4 Rxd5 50. Rg6+ Kf7 51. Bb3 1-0

[Event "RUS-Cup7"]
[Site "Kstovo"]
[Date "1997.05.10"]
[Round "9"]
[White "Lastin, Alexander"]
[Black "Vaulin, Alexander"]
[Result "1-0"]
[WhiteElo "2535"]
[BlackElo "2490"]
[Annotator "Gershon,A"]
[PlyCount "63"]
[EventDate "1997.05.01"]
[EventType "swiss"]
[EventRounds "9"]
[EventCountry "RUS"]
[SourceTitle "CBM 059"]
[Source "ChessBase"]
[SourceDate "1997.08.01"]
[SourceVersion "1"]
[SourceVersionDate "1997.08.01"]
[SourceQuality "1"]

1. e4 {Nor} c5 2. Nf3 d6 3. d4 cxd4 4. Nxd4 Nf6 5. Nc3 a6 6. f3 e5 7. Nb3 Be6
8. Be3 Nbd7 9. Qd2 b5 10. g4 {Although this variation had been played by very
strong players for many times,I don't really think it can promise something
for white.The results are the best proof for this,especially when in critical
position after 10.a4! white gets more.} (10. a4 b4 11. Nd5 Bxd5 12. exd5 Nb6
13. Bxb6 (13. Qxb4 $2 Nbxd5 14. Qd2 Nxe3 15. Qxe3 Be7 $15) 13... Qxb6 14. a5
Qb7 15. Bc4 Be7 16. Ra4 Rb8 17. Qd3 Ra8 18. Qd2 Rb8 19. Nc1 Bd8 $5 20. Nd3 $1
Nxd5 21. Nxe5 dxe5 22. Qxd5 $14 {Tiviakov,S-De Firmian,N/Polanica Zdroj 1995/
1-0 (53)}) 10... Nb6 11. g5 Nfd7 (11... Nh5 12. Nd5 Nxd5 13. exd5 Bd7 14. Rg1
Be7 15. O-O-O O-O 16. Nc5 Bf5 $6 17. Ne4 Rc8 18. h4 Qd7 19. Bd3 Rc7 20. f4 exf4
21. Bxf4 Bxe4 22. Bxe4 Rc4 23. Rde1 Nxf4 24. Qxf4 f5 25. gxf6 Bxf6 26. Qh6 Rxe4
27. Rxe4 Qf5 28. Re7 g5 29. Rc7 g4 30. Rxg4+ {1-0 Ionica,I-Iwaniuk,D/EU-chJW
U16 Rimavska Sobota 1996}) 12. Nd5 $5 (12. Na5 $6 Rc8 13. O-O-O Qc7 14. Kb1 Be7
15. Nd5 Nxd5 16. exd5 Bxd5 17. Qxd5 Qxa5 18. c4 O-O $13 {Lukianov,I-Kuporosov,
V,88,46(328)}) 12... Rc8 (12... Bxd5 13. exd5 Rc8 $5 (13... Qc7 14. h4 Rc8 15.
Rh2 Be7 16. O-O-O Nc4 17. Bxc4 bxc4 18. Na5 c3 19. Qxc3 Qxc3 20. bxc3 Bd8 21.
Nc6 Bb6 22. Re2 Bxe3+ 23. Rxe3 Nb6 24. c4 Nxc4 25. Rb3 Kd7 26. Re1 Rxc6 27.
dxc6+ Kxc6 28. f4 h6 29. Rc3 d5 30. fxe5 hxg5 31. hxg5 Re8 32. g6 fxg6 33. e6
Kd6 34. Rg3 $16 {1-0 Grabarczyk,B-Kuczynski,R/POL-ch 1996 (55)}) 14. Na5 Qc7 $6
(14... Nxd5 $5 15. Nb7 Nxe3 16. Nxd8 Nxc2+ 17. Kd1 Nxa1 18. Nb7 Nc2 $13) 15.
Bxb6 $6 (15. c4 $1 {Ochoa,J} Nxc4 16. Nxc4 bxc4 17. Rc1 $16) 15... Nxb6 16. Bh3
Ra8 17. Nc6 g6 18. f4 h6 $5 19. f5 hxg5 {0-1 Shirov,A-Gelfand,B/Madrid 1996 
(27)} 20. fxg6 $1 $11 {Gelfand}) 13. O-O-O (13. Na5 $6 Nxd5 14. exd5 Bxd5 15.
Qxd5 Qxa5+ 16. c3 Be7 17. a4 O-O 18. Bd3 Qd8 19. h4 Nc5 20. Bf5 Nxa4 21. Bxc8
Qxc8 $17) (13. Nxb6 {Huzman} Nxb6 14. Qa5 Nc4 15. Qxd8+ Kxd8 16. Bxc4 Bxc4 17.
O-O-O $10) 13... Bxd5 14. exd5 Nc4 15. Qf2 Be7 (15... Nxe3 16. Qxe3 Be7 17. Rg1
$6 Qb6 18. Qxb6 Nxb6 19. Bd3 Nc4 20. Rde1 Bd8 $1 $15 {Arams,J-Balzar,A
Dortmund op 1988}) 16. h4 Nxe3 (16... h6 $5 {1-0 Polgar,J-Gelfand,B/Novgorod
1996 (41)}) (16... Ndb6 17. Na5 $1 Nxe3 18. Qxe3 Nxd5 19. Rxd5 Qxa5 20. Kb1 $44
) 17. Qxe3 h6 18. g6 f5 (18... Bxh4 $5 19. gxf7+ Kxf7 20. Kb1 Bg5 $15) 19. f4
$1 {New and very interesting plan.} O-O 20. Bh3 $1 {Very interesting
position!White presses on pawn "e5" in order to make it move.In this case the
knight will stand on d4 and together with the bishop will press on f5.After
black's taking on h4,his king will have even more troubles.What does black
have?Only one more pawn,but this "compensation" is not enough for white's
activity!} Bxh4 21. Kb1 $44 Qc7 22. c3 Rce8 (22... b4 $5) 23. Qd3 e4 24. Qc2
Bf6 $2 {Black gives up too early!Now he doesn't even have a pawn and white's
activity gets even stronger.} (24... Nb6 25. Nd4 Nxd5 $140 26. Nxf5 Rxf5 27.
Bxf5 Ne3 28. Qb3+ Kh8 29. Rxh4 Nxf5 30. Rh5 Qc8 31. Qd5 Rf8 32. Qxe4 Ng3 33.
Rxh6+ gxh6 34. Qe7 Qf5+ 35. Ka1 Qxg6 36. Qxf8+ Kh7 37. Rxd6 $18) (24... Nc5 $5
25. Nd4 Bg3 26. Bxf5 Kh8 27. Rdf1 e3 $132) 25. Bxf5 Nc5 $2 (25... b4 $8) 26.
Nxc5 $16 Qxc5 27. Be6+ Kh8 28. Rh3 $1 Rxe6 $8 29. dxe6 Qf5 30. Qh2 $1 $18 Qxg6
31. f5 Qh7 (31... Qxf5 32. Rxh6+ gxh6 33. Qxh6+ Kg8 34. Rg1+ $18) 32. Qxd6 1-0

[Event "RUS-ch m1-2"]
[Site "Elista"]
[Date "1997.05.28"]
[Round "4.1"]
[White "Svidler, Peter"]
[Black "Dvoirys, Semen I"]
[Result "1-0"]
[WhiteElo "2640"]
[BlackElo "2590"]
[Annotator "Gershon,A"]
[PlyCount "81"]
[EventDate "1997.05.19"]
[EventType "k.o."]
[EventRounds "6"]
[EventCountry "RUS"]
[SourceTitle "CBM 059"]
[Source "ChessBase"]
[SourceDate "1997.08.01"]
[SourceVersion "1"]
[SourceVersionDate "1997.08.01"]
[SourceQuality "1"]

1. e4 {Nor} c5 2. Nf3 d6 3. d4 cxd4 4. Nxd4 Nf6 5. Nc3 a6 6. Be3 e5 7. Nb3 Be6
8. f3 Nbd7 9. g4 Be7 10. Qd2 Rc8 $5 (10... b5 $6 11. a4 $1 b4 12. Nd5 Bxd5 13.
exd5 Qc7 (13... Nb6 $2 14. a5 $1 Nbxd5 $140 $2 15. g5 Nxe3 16. gxf6 Nxf1 17.
fxe7 Nxd2 18. exd8=Q+ Rxd8 19. Kxd2 $18) 14. g5 Nh5 15. O-O-O Nf4 16. h4 h6 17.
Rg1 hxg5 18. hxg5 Rh4 19. Kb1 Qd8 20. Nd4 $1 exd4 21. Bxf4 Nb6 22. Bg3 Nxa4 23.
Bc4 Nc3+ 24. bxc3 dxc3 25. Qe2 Qa5 26. Rde1 Ra7 27. Bf4 b3 28. Bxb3 Rb7 29. Rg4
Rxg4 30. fxg4 Qb4 31. Qxa6 {1-0 Nunn,J-Sadler,M/London Lloyds 1993}) (10... h6
$5) 11. O-O-O (11. g5 $6 {Too early.} Nh5 12. O-O-O (12. Rg1 Nf8 13. O-O-O Ng6
14. Qf2 O-O 15. Kb1 b5 16. Nd5 Bxd5 17. exd5 Ngf4 18. h4 Qc7 $13 {Rabczewski,
A-Marinelli,T/Roma op 1990/0-1 (76)}) (12. Nd5 Bxd5 13. exd5 Nf4 $1 14. h4 h6
$1 15. Bxf4 exf4 16. Nd4 g6 17. Bh3 hxg5 18. Bxd7+ Kxd7 19. O-O-O Rxh4 20. Rxh4
gxh4 21. Kb1 Bg5 22. Ne2 Qe7 23. Rg1 Qe5 24. Nc1 h3 25. Re1 Qf5 26. Re4 Rc5 27.
c4 {0-1 Gschwendtner,M-Hertel,P/Vienna op 1991}) 12... O-O 13. Ne2 Nb6 14. Ng3
Nf4 15. h4 d5 $1 16. Bxf4 exf4 17. Qxf4 Bd6 18. e5 Qc7 $1 19. Qd2 Bxe5 20. Nh5
Bf5 21. Bd3 Nc4 22. Qf2 Bg6 23. Nf6+ gxf6 24. Bxg6 fxg6 25. h5 Bxb2+ 26. Kb1
Bc3 27. Qh4 Na3+ 28. Kc1 Be1 {0-1 Acevedo,V-Danner,G/Dubai olm 1986}) (11. h4
h6 12. O-O-O b5 13. Qf2 Qc7 14. Bd3 Nc5 15. Nxc5 dxc5 16. Kb1 c4 17. Bb6 Qc6
18. Bf1 Bc5 19. Bxc5 Qxc5 20. Qxc5 Rxc5 21. Rd6 a5 22. Ra6 b4 23. Na4 Rc7 24.
Rxa5 Ke7 25. Rxe5 Rd8 26. Be2 Rd2 27. Re1 Nd7 28. Kc1 Rxc2+ 29. Kxc2 Nxe5 30.
f4 b3+ 31. Kc3 Nd3 32. Bxd3 cxd3+ 33. Kxd3 bxa2 34. Ra1 Rb7 35. Kc3 Rc7+ {
Lapinskaite,S-Sasirekha,N/WchJW-U12 Szeged 1994/1/2-1/2 (52)}) 11... Nb6 {
This regular maneuver takes a lot of time,which white uses for developing the
initiative.11...b5 should be checked deeper.} (11... Qc7 $6 12. Kb1 Nb6 13. h4
h6 14. Be2 Nc4 15. Bxc4 Bxc4 16. Rhg1 Nd7 17. g5 hxg5 18. Bxg5 Nf6 19. Qf2 b5
20. Be3 b4 21. Ne2 (21. Na4 $1) 21... g6 (21... d5 $1) 22. Nec1 Nd7 23. Bg5 a5
24. Bxe7 Kxe7 25. Nd3 a4 26. Nbc1 a3 27. b3 Be6 28. Rd2 Qc3 29. Rgd1 Nc5 30.
Ne2 Nxd3 31. cxd3 Qc5 32. d4 $16 {1-0 Chandler,M-King,D/Blackpool zt 1990 (45)}
) (11... b5 $5 12. g5 Nh5 13. Nd5 Bxd5 14. exd5 Nb6 15. Na5 Nxd5 16. Qxd5 Qxa5
17. Bh3 Rc4 {1-0 Korneev,O-Baburin,A/Linares op 1996 (35)} 18. Qa8+) 12. h4 Nc4
(12... O-O $6 13. h5 $1 Nc4 14. Bxc4 Rxc4 15. g5 Nd7 16. Rdg1 $40 Qc7 17. g6
Rc8 18. Bh6 Bf6 19. gxh7+ Kxh7 20. Bxg7 Bxg7 21. h6 Bf6 22. Qg2 {1-0 Adorjan,
A-Ribli,Z/Budapest plof (Riga izt 3pl) 1979}) 13. Bxc4 Rxc4 14. g5 (14. Kb1 Qc7
15. Rdg1 b5 16. h5 b4 17. Nd5 Nxd5 18. exd5 Bd7 19. Qd3 $6 Bb5 20. Qd1 Ba4 {
1/2-1/2 Weis,R-Schuh,H/BL2-S 1992}) (14. h5 $5 h6 $5) 14... Nh5 15. Kb1 $5 {
With idea Nd5.} Qc7 16. Nd5 $1 Bxd5 17. Qxd5 O-O {After this move it had to be
one-sided game.} (17... Rxc2 $142 18. Rc1 Rxc1+ 19. Rxc1 Qd7 20. Na5 O-O (20...
Ng3 21. Nxb7 O-O 22. Rd1 $16) 21. Qxb7 Qxb7 22. Nxb7 f6 $1 $14) 18. c3 $2 (18.
Bb6 $1 Qc8 19. c3 Nf4 20. Qd2 Qe6 $140 (20... f5 $6 21. gxf6 Rxf6 22. Na5 Ra4
23. Qc2 Qd7 24. Qb3+ d5 $140 25. exd5 Rxb6 26. Qxb6 Bd8 27. Qxb7 Qf5+ 28. Ka1
Rxa5 29. Qb8 Qd7 30. Qxe5 Bc7 31. Qe4 Nxd5 32. Rhe1 $16) 21. Na5 Rcc8 22. Be3
$16) 18... b5 $1 $132 19. Nd2 Rc6 20. Rc1 {Interesting plan!Black's knight and
bishiop are worse than white's and are far away from the queen's flank.So,
Svidler wants to open it.But there is only one "litlle" thing-white has
weaknesses on king's flank,from which black's peices are not far away!I'm not
really sure who is better after 20...Kh8! with idea 21...f6!} Rc8 $5 {Very
pretensious plan!"Try to beat me and I will show you!"-says black.} (20... Kh8
$5 21. Rc2 f6 $1 $13) 21. Rc2 Bd8 22. Rhc1 Qb8 23. c4 Bb6 24. Nf1 Ba5 $2 (24...
Bxe3 $142 25. Nxe3 Nf4 26. Qd2 Qb6 (26... b4 $5) 27. cxb5 (27. Nd5 Nxd5 28.
cxd5 Rxc2 29. Rxc2 Rxc2 30. Qxc2 $11) 27... Rxc2 (27... Qxb5 $2 28. Qxd6 $1 Nd3
29. a4 Qb3 30. Qd7 $3 $18) (27... axb5 $6 28. Rxc6 Rxc6 29. Rxc6 Qxc6 30. Nf5
Qc4 $1 $14) 28. Rxc2 Rxc2 29. Qxc2 h5 $1 $13) (24... b4 $5 25. b3 Bxe3 26. Nxe3
Nf4 27. Qd2 a5 $13) (24... Bd4 $6 25. cxb5 (25. Bxd4 $2 Nf4 26. Ba7 Qxa7 27.
Qd2 bxc4) 25... Rxc2 26. Rxc2 Rxc2 27. Kxc2 axb5 28. Qc6 $14) 25. a4 $1 g6 (
25... Bb6 26. axb5 Bxe3 27. Nxe3 Rc5 28. Qd2 axb5 29. cxb5 Qxb5 30. Qxd6 $16)
26. cxb5 Rxc2 27. Rxc2 Rxc2 28. Kxc2 Nf4 29. Qc6 $1 {[%cal Rb5b8]} axb5 30.
axb5 Ng2 31. Bf2 Be1 32. Bg1 Nxh4 (32... Bxh4 33. b6 $18) 33. b6 $18 Ba5 34. b7
Qc7 35. Qxc7 Bxc7 36. Nd2 Bb8 37. Bf2 Ng2 38. Nc4 Nf4 39. Na5 Ne6 40. Nc6 Bc7
41. Bb6 1-0